NLSUI OPAC header image

Dust on the Road Mahasweta Devi (Record no. 120666)

MARC details
000 -LEADER
fixed length control field 00284nam a2200109Ia 4500
100 ## - MAIN ENTRY--PERSONAL NAME
Personal name Maitreya Ghatak
245 #0 - TITLE STATEMENT
Title Dust on the Road Mahasweta Devi
264 ## - PRODUCTION, PUBLICATION, DISTRIBUTION, MANUFACTURE, AND COPYRIGHT NOTICE
Name of producer, publisher, distributor, manufacturer Seagull Books
Place of production, publication, distribution, manufacture Calcutta
Date of production, publication, distribution, manufacture, or copyright notice 1997
300 ## - PHYSICAL DESCRIPTION
Extent 292
942 ## - ADDED ENTRY ELEMENTS (KOHA)
Koha item type CSSEIP Office Library Collection
Holdings
Withdrawn status Lost status Damaged status Not for loan Home library Current library Shelving location Date acquired Total Checkouts Barcode Date last seen Price effective from Koha item type
      Not For Loan . . CSSEIP Office Library - Gandhian Studies 23.06.2020   G0017                23.06.2020 23.06.2020 CSSEIP Office Library Collection